| 000 | 00866nam a22002415a 4500 | ||
|---|---|---|---|
| 005 | 20080522115808.0 | ||
| 008 | 080520s2008 nyu 000 0 eng | ||
| 010 | _aENG-95824 | ||
| 020 |
_a9788174533418 _c700.00 |
||
| 035 | _aEN-79357 | ||
| 037 | _bDBAD/PUB | ||
| 040 | _aDPL | ||
| 082 | _a780.711954 | ||
| 100 | _aSharma, Lovely | ||
| 245 |
_aAcademic centres for the promotion of Indian music/ _cby Lovely Sharma |
||
| 250 | _a. | ||
| 260 |
_aNew Delhi _bSanjay Prakashan _c2009 |
||
| 270 |
_a4378/4 D, 209 JMD Housea, Ansari Road _bNew Delhi _e110002 |
||
| 300 |
_axi, 334p. _c22cm, (Hb) |
||
| 942 |
_2ddc _cEN _mSHA _h780.711954 |
||
| 999 |
_c33599 _d33599 |
||